| 000 | 00561nam a2200181 i 4500 | ||
|---|---|---|---|
| 001 | 58934 | ||
| 003 | ES-MaACL | ||
| 005 | 20230906163925.0 | ||
| 007 | t| | ||
| 008 | 031024s1973 sp ||||1| spa d | ||
| 100 | 1 |
_aEcheverría, José Miguel. _946576 |
|
| 245 | 1 | 0 |
_aColeccionismo de armas antiguas / _cJosé Miguel Echeverría ; fotografías: Oronoz. |
| 260 |
_aLeón : _bEverest, _c[1973] |
||
| 300 |
_a208 p., 8 lám. : _bil. ; _c19 cm. |
||
| 700 | 2 |
_aOronoz (Estudio fotográfico) _9179422 |
|
| 852 |
_aES-MaACL _jC-55805 _bR.88668 |
||
| 999 |
_c58934 _d58934 |
||